Statistics for NBA Top 10 Blockers All-Time

Click here to take the quiz!

General Stats

  • This quiz has been taken 239 times
  • The average score is 8 of 13

Answer Stats

Player% Correct
Hakeem Olajuwon
95%
Dikembe Mutombo
86%
Wilt Chamberlain
84%
Bill Russell
76%
Kareem Abdul-Jabbar
76%
David Robinson
72%
LeBron James
62%
Tim Duncan
62%
Patrick Ewing
59%
Mark Eaton
57%
Ben Wallace
47%
Alonzo Mourning
41%
Dwyane Wade
23%

Score Distribution

Percentile by Number Answered

Percent of People with Each Score

Your Score History

You have not taken this quiz